00390nam a22001337a 4500003000400000005001700004008004100021020001800062040000700080082001900087100007100106245007100177300000800248OSt20230201111102.0230201b |||||||| |||| 00| 0 eng d a9780323429931 cHU a629.8/MIC/2017 aMicrobiorobotics Biologically Inspired Microscale Robotic Systems aMicrobiorobotics Biologically Inspired Microscale Robotic Systems f253